[Event "Reykjavik Open 2026"]
[Site "Reykjavik ISL"]
[Date "2026.03.28"]
[Round "5.90"]
[White "Matsumura, Cocoro"]
[Black "Gayon, Benoit"]
[Result "1-0"]
[WhiteTitle "CM"]
[WhiteElo "2202"]
[BlackElo "1947"]
[WhiteFideId "36087114"]
[BlackFideId "632040"]
[EventDate "2026.03.25"]

1. e4 e5 2. Nf3 Nc6 3. Bb5 g6 4. O-O Bg7 5. c3 a6 6. Ba4 d6 7. d4 Bd7 8. d5 Nb8
9. Bxd7+ Nxd7 10. c4 Ne7 11. Be3 f5 12. Ng5 Nf8 13. f4 h6 14. Nh3 Qd7 15. Qc1
exf4 16. Nxf4 O-O-O 17. c5 dxc5 18. Qxc5 Bxb2 19. Qa7 Qb5 20. a4 Qa5 21. Ra2 Be5
22. Nd2 Bxf4 23. Bxf4 Qb6+ 24. Qxb6 cxb6 25. Nc4 Kd7 26. Nxb6+ Ke8 27. Bc7 fxe4
28. Re2 Nd7 29. Bxd8 Kxd8 30. Nxd7 Kxd7 31. Rxe4 Nf5 32. g4 Nh4 33. Re6 Rh7 34.
Ref6 Re7 35. Rf7 b5 36. axb5 axb5 37. Rxe7+ Kxe7 38. Rb1 h5 39. gxh5 gxh5 40.
Kf2 Kd6 41. Rxb5 Nf5 42. Ra5 Ne7 43. Kf3 Nxd5 44. Ke4 Nf6+ 45. Kf5 Ng4 46. h3
Ne3+ 47. Kf4 Ng2+ 48. Kf3 Ne1+ 49. Ke4 h4 50. Ra2 1-0

[Event "Reykjavik Open 2026"]
[Site "Reykjavik ISL"]
[Date "2026.03.28"]
[Round "5.91"]
[White "Zuiderweg, Edwin"]
[Black "Vemparala, Nikash"]
[Result "*"]
[BlackTitle "CM"]
[WhiteElo "1977"]
[BlackElo "2201"]
[WhiteFideId "1012207"]
[BlackFideId "30960967"]
[EventDate "2026.03.25"]

1. e4 e5 2. Nf3 Nc6 3. d4 exd4 4. Nxd4 Nf6 5. Nxc6 bxc6 6. e5 Qe7 7. Qe2 Nd5 8.
c4 Ba6 9. b3 g6 10. f4 d6 11. Qf2 Nf6 12. Be2 dxe5 13. O-O O-O-O 14. Ba3 c5 15.
fxe5 Ne4 16. Bg4+ Kb8 17. Qe2 Qxe5 18. Bb2 Rd4 19. Nd2 Bd6 20. Nf3 Qf4 21. Bc1
Qxg4 22. Nxd4 Bxh2+ 23. Kxh2 Qh4+ 24. Kg1 Ng3 25. Nc6+ Kb7 26. Qe5 f6 27. Na5+
Kb8 28. Qe1 Qh1+ 29. Kf2 Nxf1 30. Qxf1 Qh4+ 31. g3 Qd4+ 32. Be3 Qb2+ 33. Kg1 Re8
34. Bxc5 Qc3 35. b4 Qxg3+ 36. Qg2 Re1+ 37. Rxe1 Qxe1+ 38. Kh2 Qh4+ 39. Kg1 Qe1+
40. Kh2 Qh4+ 41. Kg1 *

[Event "Reykjavik Open 2026"]
[Site "Reykjavik ISL"]
[Date "2026.03.28"]
[Round "5.92"]
[White "Birkisson, Bjorn Holm"]
[Black "Gillmeister, Robin"]
[Result "1-0"]
[WhiteTitle "CM"]
[WhiteElo "2200"]
[BlackElo "1939"]
[WhiteFideId "2310600"]
[BlackFideId "24684414"]
[EventDate "2026.03.25"]

1. d4 Nf6 2. c4 e6 3. Nf3 d5 4. Nc3 Be7 5. Bf4 O-O 6. e3 c5 7. dxc5 Bxc5 8. cxd5
exd5 9. Be2 Nc6 10. O-O d4 11. Na4 Be7 12. Nxd4 Nxd4 13. Qxd4 Qxd4 14. exd4 Nd5
15. Be5 b6 16. Bf3 Be6 17. Nc3 Rad8 18. Rfd1 Rd7 19. Nxd5 Bxd5 20. Bxd5 Rxd5 21.
Bf4 Rfd8 22. Be3 f5 23. g3 g5 24. Rac1 f4 25. gxf4 gxf4 26. Bxf4 Rxd4 27. Rxd4
Rxd4 28. Be3 Rd7 29. Kf1 Bf6 30. b3 Be5 31. h3 Kf7 32. Ke2 Kg6 33. a4 Kf5 34. a5
bxa5 35. Rc5 Kf6 36. Rxa5 Bb8 37. b4 Rb7 38. Bc5 Rd7 39. Ke3 Ke6 40. Ke4 Kf7 41.
f4 Kf6 42. Ra6+ Kf7 43. Rh6 Kg7 44. Rc6 Rf7 45. Bd4+ Kg8 46. Rc8+ Rf8 47. Rxf8+
Kxf8 48. Be5 Bxe5 49. fxe5 Ke7 50. Kd5 Kd7 51. b5 h6 52. e6+ Ke8 53. Kc6 1-0

[Event "Reykjavik Open 2026"]
[Site "Reykjavik ISL"]
[Date "2026.03.28"]
[Round "5.94"]
[White "Wall, Tim P"]
[Black "Carey, Michael"]
[Result "1-0"]
[WhiteTitle "FM"]
[WhiteElo "2189"]
[BlackElo "1929"]
[WhiteFideId "401641"]
[BlackFideId "30923760"]
[EventDate "2026.03.25"]

1. e4 c5 2. Nc3 Nc6 3. Bb5 Nd4 4. Nf3 e6 5. O-O a6 6. Bd3 Nxf3+ 7. Qxf3 Qc7 8.
b3 Bd6 9. h3 Be5 10. Bb2 Ne7 11. Rab1 O-O 12. Ne2 b5 13. Bxe5 Qxe5 14. Qg3 Qxg3
15. Nxg3 d6 16. c3 Bb7 17. b4 Bc6 18. f4 Rfd8 19. Bc2 a5 20. a3 axb4 21. axb4
Ra2 22. Rfc1 Rda8 23. Kf2 c4 24. Ke3 Ng6 25. Ne2 e5 26. g3 Kf8 27. d4 exf4+ 28.
Nxf4 Nxf4 29. Kxf4 h6 30. h4 R8a3 31. Bd1 Rf2+ 32. Bf3 f5 33. d5 Bd7 34. exf5
Bxf5 35. Ra1 g5+ 36. hxg5 hxg5+ 37. Kxf5 Rxf3+ 38. Ke6 Rfxc3 39. Kxd6 Rxa1 40.
Rxa1 Rd3 41. Kc6 c3 42. Kxb5 Rxd5+ 43. Kc4 Rd2 44. Kxc3 Rg2 45. Rf1+ Ke7 46. Rf3
Kd6 47. Kc4 Kc6 48. Kd4 g4 49. Rb3 Kb5 50. Ke5 Rf2 51. Rd3 Rf3 52. Ke4 Rf1 53.
Rd5+ Kxb4 54. Rg5 Kc4 55. Rxg4 Re1+ 56. Kf5+ Kd5 57. Rf4 Re5+ 58. Kf6 Re3 59. g4
Re6+ 60. Kf7 Ra6 61. g5 Ke5 62. Rf6 Ra7+ 63. Kg6 Ra1 64. Kg7 Rg1 65. g6 Ra1 66.
Rf7 Rg1 67. Kh7 Rh1+ 68. Kg8 Rh3 69. g7 Ke6 70. Kf8 1-0

[Event "Reykjavik Open 2026"]
[Site "Reykjavik ISL"]
[Date "2026.03.28"]
[Round "5.95"]
[White "Vitale, Romualdo"]
[Black "Li, Harry"]
[Result "0-1"]
[WhiteElo "1975"]
[BlackElo "2181"]
[WhiteFideId "862134"]
[BlackFideId "430145"]
[EventDate "2026.03.25"]

1. d4 Nf6 2. Bf4 e6 3. e3 c5 4. Nf3 Nc6 5. Nbd2 h6 6. h3 d5 7. c3 Bd6 8. Ne5 Qc7
9. Ndf3 O-O 10. Bd3 Nd7 11. Nxd7 Bxd7 12. Bxd6 Qxd6 13. dxc5 Qxc5 14. e4 d4 15.
cxd4 Nxd4 16. O-O Bc6 17. Rc1 Nxf3+ 18. Qxf3 Qe5 19. Qe2 Rfd8 20. Rfd1 Rd4 21.
f3 Rad8 22. b3 g5 23. a4 Kg7 24. Bc2 f5 25. Rxd4 Rxd4 26. Qf2 f4 27. Rd1 Rxd1+
28. Bxd1 Qc3 29. Qc2 Qd4+ 30. Kh2 Kf6 31. Be2 Ke5 32. Bc4 h5 33. Qe2 h4 34. Qc2
Kd6 35. Qc1 e5 36. Qa3+ Qc5 37. Qa1 a5 38. Qc3 b6 39. Qa1 Kc7 40. Qc3 Bd7 41.
Qd3 Bc6 42. Be6 Qd6 43. Qc4 Kd8 44. Bf5 Qf6 45. Qg8+ Kc7 46. Qc8+ Kd6 47. Qb8+
Kc5 48. Qg8 Qe7 49. Qc4+ Kd6 50. b4 Qe8 51. b5 Bb7 52. Kg1 Qe7 53. Kf2 Qc7 54.
Qe6+ Kc5 55. Qa2 Kb4 56. Be6 Qc5+ 57. Ke2 Qe3+ 58. Kf1 Qd3+ 59. Ke1 Qe3+ 60. Kf1
Qc3 61. Ke2 Kc5 62. Kf2 Kd4 63. Bd5 Bc8 64. Bc6 Qc4 65. Qb2+ Qc3 66. Qa2 Qe3+
67. Kf1 Qc1+ 68. Kf2 Qc5 69. Qd5+ Qxd5 70. exd5 Kc5 71. Ke2 Bf5 72. Kd2 Bb1 73.
Kc3 Ba2 74. Be8 Bxd5 75. Bg6 Bc4 76. Bf5 Bf1 77. Kd2 Kb4 78. Bc2 Bxg2 0-1

[Event "Reykjavik Open 2026"]
[Site "Reykjavik ISL"]
[Date "2026.03.28"]
[Round "5.96"]
[White "Scotti, Martin"]
[Black "Bech, Havard Eriksen"]
[Result "0-1"]
[WhiteElo "1943"]
[BlackElo "2161"]
[WhiteFideId "551035065"]
[BlackFideId "1564684"]
[EventDate "2026.03.25"]

1. d4 Nf6 2. c4 e6 3. Nc3 Bb4 4. e3 O-O 5. Bd3 c5 6. Nf3 d5 7. O-O dxc4 8. Bxc4
Nc6 9. Bd3 cxd4 10. exd4 b6 11. a3 Be7 12. Bc2 Bb7 13. Qd3 Rc8 14. Bg5 g6 15.
Bh6 Re8 16. Ba4 a6 17. Bb3 Na5 18. Ba2 b5 19. Ne5 Nd5 20. Rfe1 b4 21. Qf3 f6 22.
Nxg6 hxg6 23. Qg4 Kh7 24. Qh3 bxc3 25. Bg5+ Kg8 26. Qh6 Bf8 27. Qxg6+ Bg7 28.
Bh6 Qe7 29. Rxe6 Qf7 30. Rxe8+ Rxe8 31. Bxd5 Bxd5 32. Qxf7+ Kxf7 33. Bxg7 cxb2 0-1

[Event "Reykjavik Open 2026"]
[Site "Reykjavik ISL"]
[Date "2026.03.28"]
[Round "5.97"]
[White "Rodsmoen, Maud"]
[Black "Ornolfsson, Magnus P."]
[Result "0-1"]
[WhiteTitle "WFM"]
[BlackTitle "CM"]
[WhiteElo "1950"]
[BlackElo "2160"]
[WhiteFideId "1510550"]
[BlackFideId "2301016"]
[EventDate "2026.03.25"]

1. e4 c5 2. Nf3 a6 3. c4 Nc6 4. d4 cxd4 5. Nxd4 Nf6 6. Nc3 e5 7. Nf5 d6 8. Ne3
Be7 9. Be2 O-O 10. O-O Nd4 11. f4 b5 12. Ned5 Nxd5 13. Nxd5 Bb7 14. Be3 Bxd5 15.
exd5 Nxe2+ 16. Qxe2 exf4 17. Rxf4 bxc4 18. Rxc4 Re8 19. Qf3 Bf6 20. Rf1 Rc8 21.
Rg4 Qd7 22. Qh3 Qe7 23. Rg3 Bxb2 24. Bg5 Bd4+ 25. Kh1 Qe5 26. Qd7 Qxd5 27. h4
Qe6 28. Qa4 Be5 29. Rgf3 f6 30. Bd2 Rc4 31. Qxa6 Rxh4+ 32. Kg1 Bd4+ 33. R1f2
Bxf2+ 34. Kxf2 Re4 35. Bf4 Rxf4 36. Rxf4 Qe3+ 0-1

[Event "Reykjavik Open 2026"]
[Site "Reykjavik ISL"]
[Date "2026.03.28"]
[Round "5.98"]
[White "Delpech, Anthony"]
[Black "Decosse, Jean-Fabien"]
[Result "1-0"]
[BlackTitle "CM"]
[WhiteElo "1927"]
[BlackElo "2133"]
[WhiteFideId "36021245"]
[BlackFideId "622583"]
[EventDate "2026.03.25"]

1. e4 d6 2. d4 Nf6 3. Nc3 e5 4. Nf3 Nbd7 5. Bc4 Be7 6. O-O O-O 7. Re1 c6 8. a4
b6 9. b3 a6 10. d5 c5 11. Nd2 Ne8 12. Bd3 g6 13. Nc4 Bg5 14. Ne3 Ng7 15. f3 Ra7
16. Nc4 Bxc1 17. Qxc1 Qe7 18. f4 Rb7 19. Qd2 exf4 20. Qxf4 Ne5 21. Nxe5 dxe5 22.
Qd2 Rb8 23. Qe2 Ra8 24. Rad1 Qd6 25. Nb1 Ne8 26. Nd2 Qc7 27. Nc4 f6 28. d6 Qc6
29. Nxe5 fxe5 30. Bc4+ Kg7 31. Bd5 Qxd6 32. Bxa8 Qe7 33. Bc6 Nf6 34. Qd3 Ng4 35.
Rf1 c4 36. Qxc4 Ne3 37. Qc3 Nxd1 38. Rxd1 Bg4 39. Rd5 Be2 40. h3 Rf1+ 41. Kh2
Rf6 42. Rd7 1-0

[Event "Reykjavik Open 2026"]
[Site "Reykjavik ISL"]
[Date "2026.03.28"]
[Round "5.99"]
[White "Broihier, Ian"]
[Black "Brodtkorb, Lars Johan"]
[Result "1-0"]
[WhiteElo "1922"]
[BlackElo "2118"]
[WhiteFideId "39902773"]
[BlackFideId "1522728"]
[EventDate "2026.03.25"]

1. e4 e5 2. Nf3 Nc6 3. Bc4 Be7 4. Nc3 Nf6 5. d4 d6 6. h3 O-O 7. Bb3 b6 8. d5 Nb8
9. g4 Bb7 10. g5 Nfd7 11. Ne2 Nc5 12. Ng3 b5 13. h4 Nbd7 14. c3 c6 15. dxc6 Bxc6
16. g6 Nxb3 17. gxh7+ Kh8 18. axb3 Nf6 19. Qe2 a5 20. Rg1 Ra7 21. Be3 Rd7 22.
O-O-O a4 23. b4 Qa8 24. Ng5 a3 25. bxa3 Qxa3+ 26. Qb2 Qxb2+ 27. Kxb2 Ng4 28. Nf5
Nxe3 29. Nxe3 Bxg5 30. Rxg5 f6 31. Rg4 Kxh7 32. f3 f5 33. Nxf5 g6 34. Ng3 Rxf3
35. h5 Rf2+ 36. Kb3 Ra7 37. hxg6+ Kg8 38. Rxd6 Bd7 39. Rxd7 Rxd7 40. Nf5 Rf4 41.
Rg5 Rxe4 42. g7 1-0

[Event "Reykjavik Open 2026"]
[Site "Reykjavik ISL"]
[Date "2026.03.28"]
[Round "5.100"]
[White "Bartlett, Aiden Emerson"]
[Black "Walshaw, David"]
[Result "1-0"]
[WhiteElo "1919"]
[BlackElo "1717"]
[WhiteFideId "39922405"]
[BlackFideId "422967"]
[EventDate "2026.03.25"]

1. Nf3 g6 2. d4 Bg7 3. e4 c5 4. c4 cxd4 5. Nxd4 Nc6 6. Be3 d6 7. Nc3 Nf6 8. Be2
O-O 9. O-O Bd7 10. Rc1 a6 11. b3 Rc8 12. f3 Qa5 13. Qd2 Rfe8 14. Rfd1 Rc7 15.
Nd5 Qxd2 16. Rxd2 Rcc8 17. Nb6 Rcd8 18. Nc2 Be6 19. Ne1 Nd7 20. Nd5 Rc8 21. Nf4
Nf8 22. Kf2 Bd7 23. Nd5 Be6 24. Nb6 Rcd8 25. Rcd1 Nb4 26. a3 Nc6 27. Nd3 Nd4 28.
Rb1 Nxe2 29. Kxe2 f5 30. Nf4 fxe4 31. fxe4 Bf7 32. Nbd5 Rd7 33. Kd3 Ne6 34. Nxe6
Bxe6 35. Rf1 Bf7 36. Rdf2 Rf8 37. Bg5 e6 38. Ne7+ Kh8 39. Rxf7 Re8 40. Rxg7 1-0

[Event "Reykjavik Open 2026"]
[Site "Reykjavik ISL"]
[Date "2026.03.28"]
[Round "5.101"]
[White "Schuurmans, Arjan"]
[Black "Parsheh, Arshia"]
[Result "0-1"]
[WhiteElo "1913"]
[BlackElo "1712"]
[WhiteFideId "1084763"]
[BlackFideId "30967473"]
[EventDate "2026.03.25"]

1. e4 e6 2. d4 d5 3. Nc3 Bb4 4. e5 c5 5. a3 Bxc3+ 6. bxc3 Ne7 7. Nf3 Qc7 8. Bd2
Nbc6 9. Be2 f6 10. exf6 gxf6 11. Nh4 cxd4 12. Bh5+ Kd8 13. O-O dxc3 14. Bxc3 Ne5
15. Qe1 Rf8 16. Bd2 N5g6 17. Bh6 Rg8 18. f4 Nxh4 19. Qxh4 Qxc2 20. Rf2 Qc3 21.
Rff1 Nf5 22. Qf2 Nxh6 23. Rfc1 Qb3 24. Kh1 Qb6 25. Qh4 Ke7 26. Be2 Nf5 27. Qxh7+
Rg7 28. Qh3 Bd7 29. Rab1 Qf2 30. Bf3 Qh4 31. Rxb7 Qxh3 32. gxh3 Kd6 0-1

[Event "Reykjavik Open 2026"]
[Site "Reykjavik ISL"]
[Date "2026.03.28"]
[Round "5.102"]
[White "Nedin, Danylo"]
[Black "Gulyas Adam Ferenc"]
[Result "1-0"]
[WhiteElo "1909"]
[BlackElo "1705"]
[WhiteFideId "14195887"]
[BlackFideId "2330059"]
[EventDate "2026.03.25"]

1. b3 Nf6 2. Bb2 g6 3. Bxf6 exf6 4. c4 d5 5. cxd5 Qxd5 6. Nc3 Qa5 7. a3 c5 8. g3
Nc6 9. Bg2 Bd7 10. b4 cxb4 11. axb4 Qxb4 12. Rb1 Qa5 13. Rxb7 Qd8 14. Nd5 Rc8
15. e3 Ne5 16. Ne2 Bc6 17. Qb3 Nd3+ 18. Qxd3 Bxb7 19. Qe4+ Be7 20. Nxf6+ Kf8 21.
Qxb7 Bxf6 22. Qxa7 Rc2 23. d4 Qc8 24. Bf3 Qc4 25. Qa1 Qb4+ 26. Kf1 Kg7 27. Kg2
Rhc8 28. Rf1 Rd2 29. Nf4 Rcc2 30. Qa7 Qb2 31. Ne6+ Kh6 32. Qxf7 Rxf2+ 33. Rxf2
Rxf2+ 34. Kh3 Rxf3 35. Kg4 Rxg3+ 36. hxg3 Qe2+ 37. Kh3 1-0

[Event "Reykjavik Open 2026"]
[Site "Reykjavik ISL"]
[Date "2026.03.28"]
[Round "5.104"]
[White "Andersson, Mitchell"]
[Black "Mintz, Nathan"]
[Result "1-0"]
[WhiteElo "1905"]
[BlackElo "1708"]
[WhiteFideId "1765817"]
[BlackFideId "30995540"]
[EventDate "2026.03.25"]

1. e4 c5 2. Nf3 d6 3. Bb5+ Nc6 4. O-O Bd7 5. Re1 Nf6 6. c3 e6 7. d4 cxd4 8. cxd4
Be7 9. Nc3 a6 10. Bd3 O-O 11. h3 Rc8 12. e5 Ne8 13. Qe2 d5 14. Bf4 b5 15. a3 Nc7
16. Rad1 Na8 17. Bb1 Nb6 18. Qd3 g6 19. Bc1 f5 20. Ne2 Nc4 21. Nf4 g5 22. Nh5
Be8 23. Nf6+ Bxf6 24. exf6 Bg6 25. Bxg5 Qd7 26. Qe2 Rce8 27. Ne5 N6xe5 28. dxe5
Rc8 29. Rd4 Rc5 30. g4 fxg4 31. Bxg6 hxg6 32. Qxg4 Qf7 33. Bh6 Rfc8 34. Bg7 Nxe5
35. Rxe5 Rc1+ 36. Kg2 R8c4 37. Qh4 1-0

[Event "Reykjavik Open 2026"]
[Site "Reykjavik ISL"]
[Date "2026.03.28"]
[Round "5.105"]
[White "Walo, Max"]
[Black "Jukes, Sam"]
[Result "1/2-1/2"]
[WhiteElo "1705"]
[BlackElo "1905"]
[WhiteFideId "1354701"]
[BlackFideId "1803182"]
[EventDate "2026.03.25"]

1. d4 Nf6 2. Bg5 d5 3. e3 e6 4. Bd3 Be7 5. Nd2 b6 6. c3 O-O 7. Bxf6 Bxf6 8. f4
Ba6 9. Qc2 Bxd3 10. Qxd3 c5 11. Ngf3 Nd7 12. O-O a5 13. a4 Qc7 14. Ne5 Bxe5 15.
fxe5 f6 16. exf6 Nxf6 17. e4 cxd4 18. cxd4 Rac8 19. e5 Qc2 20. Qh3 Qxd2 21.
Qxe6+ Kh8 22. exf6 Qxd4+ 23. Kh1 gxf6 24. Rad1 Qxb2 25. Rxd5 Rc1 26. Rf5 Rxf1+
27. Rxf1 Qd4 28. h3 Qxa4 29. Qxb6 Qb4 30. Qe6 Qb2 31. Rf3 Rg8 32. Qxf6+ Qxf6 33.
Rxf6 Ra8 34. Rf3 a4 35. Ra3 Kg7 36. Kg1 Kf6 37. Kf2 Ke5 38. Ke2 Kd4 39. Kd2 Kc4
40. Kc2 Kb4 41. Rf3 a3 42. Rf4+ Kc5 43. Kb1 a2+ 44. Ka1 Ra7 45. g4 Kd5 46. h4
Ke5 47. Rb4 1/2-1/2

[Event "Reykjavik Open 2026"]
[Site "Reykjavik ISL"]
[Date "2026.03.28"]
[Round "5.106"]
[White "Morrish, John"]
[Black "Tinkler, Paul"]
[Result "0-1"]
[WhiteElo "1704"]
[BlackElo "1897"]
[WhiteFideId "343410324"]
[BlackFideId "30961289"]
[EventDate "2026.03.25"]

1. e4 e6 2. b3 d5 3. Bb2 dxe4 4. Nc3 Nf6 5. Qe2 Be7 6. Nxe4 Bd7 7. g4 Bc6 8. f3
Nxe4 9. fxe4 Bh4+ 10. Kd1 Bf6 11. c3 e5 12. Nf3 Nd7 13. Kc2 Qe7 14. Bg2 O-O-O
15. Rhd1 Rhe8 16. d3 g6 17. a4 Qe6 18. Nd2 Kb8 19. Nc4 Nb6 20. Ne3 a5 21. h3 Be7
22. Bc1 Bc5 23. Bf1 Qd7 24. Ba3 Qd6 25. Nc4 Nxc4 26. dxc4 Qe7 27. Bxc5 Qxc5 28.
Kb2 Qe7 29. Bg2 Rxd1 30. Rxd1 Rd8 31. Rxd8+ Qxd8 32. Kc2 Qd6 33. Kb2 Qf6 34. Qf3
Qxf3 35. Bxf3 Kc8 36. Kc2 f5 37. Kd3 Kd8 38. Ke3 f4+ 39. Kd3 Ke7 40. Ke2 g5 41.
Kd3 Kd6 42. Bd1 Kc5 43. Bf3 Be8 44. Bd1 c6 45. Be2 b5 46. Kc2 Bg6 47. Bd3 bxa4
48. bxa4 h5 49. Kb3 hxg4 50. hxg4 Bf7 51. Be2 Be6 52. Kb2 Bxc4 53. Bxc4 Kxc4 0-1

[Event "Reykjavik Open 2026"]
[Site "Reykjavik ISL"]
[Date "2026.03.28"]
[Round "5.107"]
[White "Paricharak, Shardul"]
[Black "Beyer, Nico"]
[Result "1-0"]
[WhiteElo "1895"]
[BlackElo "1668"]
[WhiteFideId "7500432"]
[BlackFideId "34671080"]
[EventDate "2026.03.25"]

1. Nf3 d5 2. b3 Nf6 3. Bb2 Bf5 4. g3 c5 5. Bg2 Nc6 6. d3 e6 7. Nh4 Bg6 8. Nxg6
hxg6 9. Nd2 Bd6 10. e4 d4 11. Nc4 Bc7 12. O-O Qd7 13. a3 e5 14. Qe1 Qg4 15. b4
Qh5 16. h3 b5 17. Nd2 cxb4 18. axb4 g5 19. Nb3 g4 20. h4 g5 21. Ra6 gxh4 22.
Rxc6 h3 23. Bf3 h2+ 24. Kh1 gxf3 25. Rxf6 Bd8 26. Rf5 Qg4 27. Nd2 Bh4 28. Nxf3
Bxg3 29. fxg3 O-O-O 30. Nxe5 Qh3 31. Nxf7 Rhg8 32. Nxd8 Rxg3 33. Qf2 Rg1+ 34.
Rxg1 hxg1=Q+ 35. Kxg1 Qg4+ 36. Kh2 1-0

[Event "Reykjavik Open 2026"]
[Site "Reykjavik ISL"]
[Date "2026.03.28"]
[Round "5.108"]
[White "Koerner, Florian"]
[Black "Bernstein, Charles B"]
[Result "0-1"]
[WhiteElo "1891"]
[BlackElo "1667"]
[WhiteFideId "34605525"]
[BlackFideId "39970639"]
[EventDate "2026.03.25"]

1. f4 Nf6 2. Nf3 c5 3. g3 d5 4. c4 d4 5. b4 Bf5 6. Bb2 e6 7. Bg2 Be7 8. Qa4+
Nbd7 9. bxc5 Bxc5 10. Bxd4 O-O 11. Bxc5 Nxc5 12. Qb4 Na6 13. Qb2 Be4 14. Nc3
Bxf3 15. Bxf3 Qd4 16. Qxb7 Nc5 17. Qc7 Nfe4 18. Qe5 Qxd2+ 19. Kf1 Qxc3 20. Qxc3
Nxc3 21. Bxa8 Rxa8 22. Kf2 Rb8 23. Rhc1 Rb2 24. Ke3 Rxe2+ 25. Kd4 N3a4 26. Rcb1
Re4# 0-1

[Event "Reykjavik Open 2026"]
[Site "Reykjavik ISL"]
[Date "2026.03.28"]
[Round "5.109"]
[White "Jempty, George M"]
[Black "Stolyarov, Alan"]
[Result "0-1"]
[WhiteElo "1699"]
[BlackElo "1890"]
[WhiteFideId "2059100"]
[BlackFideId "30906008"]
[EventDate "2026.03.25"]

1. d4 d5 2. g3 Nf6 3. Bg2 e6 4. Nf3 c5 5. O-O cxd4 6. Nxd4 Nc6 7. c4 Bc5 8. Nb3
Be7 9. cxd5 Nxd5 10. a3 O-O 11. e4 Nb6 12. Qc2 Bd7 13. Nc3 Rc8 14. Rd1 a6 15.
Be3 Ne5 16. a4 Qc7 17. Qe2 Nec4 18. Bxb6 Nxb6 19. Rac1 Nc4 20. Nd4 Bf6 21. b3
Bxd4 22. Rxd4 Ne5 23. f4 Qb6 24. Qd1 Nc6 25. Nd5 0-1

[Event "Reykjavik Open 2026"]
[Site "Reykjavik ISL"]
[Date "2026.03.28"]
[Round "5.110"]
[White "Song, Jeffrey"]
[Black "Bajnath, Dhanesh"]
[Result "1/2-1/2"]
[WhiteElo "1653"]
[BlackElo "1889"]
[WhiteFideId "30976987"]
[BlackFideId "40104842"]
[EventDate "2026.03.25"]

1. d4 d5 2. c4 c6 3. Nf3 Nf6 4. e3 Bf5 5. Nc3 e6 6. Nh4 dxc4 7. Nxf5 exf5 8.
Bxc4 Qd7 9. O-O g6 10. Re1 Bg7 11. e4 O-O 12. e5 Nd5 13. Bxd5 cxd5 14. Qf3 Nc6
15. Rd1 Rad8 16. Nb5 Nxe5 17. Qb3 Nc6 18. Bg5 Rc8 19. Rd2 a6 20. Nc3 h6 21. Nxd5
Nxd4 22. Rxd4 Bxd4 23. Rd1 Qe6 24. Ne7+ Kg7 25. Nxc8 Qxb3 26. axb3 hxg5 27. Rxd4
Rxc8 28. Kf1 Rc2 29. Rd6 b5 30. Rxa6 Rxb2 31. Rb6 Rxb3 32. Ke2 f4 33. g4 b4 34.
Rb7 Kf6 35. Rb6+ Ke5 36. Rb5+ Kd4 37. Rxg5 Rh3 38. Rb5 Kc3 39. Rb7 b3 40. Rc7+
Kb2 41. Rxf7 Kb1 42. Rxf4 b2 43. f3 Rxh2+ 44. Ke3 Rg2 45. Rb4 Rc2 46. f4 Kc1 47.
Ke4 b1=Q 48. Rxb1+ Kxb1 49. Ke5 Rf2 50. f5 gxf5 51. gxf5 Re2+ 52. Kf6 Kc2 53.
Kg7 Kd3 54. f6 Ke4 55. f7 Rg2+ 56. Kf6 1/2-1/2

[Event "Reykjavik Open 2026"]
[Site "Reykjavik ISL"]
[Date "2026.03.28"]
[Round "5.111"]
[White "Knight, David"]
[Black "Olszewski, Milosz Ulfur"]
[Result "1-0"]
[WhiteElo "1888"]
[BlackElo "1646"]
[WhiteFideId "1040839"]
[BlackFideId "2330199"]
[EventDate "2026.03.25"]

1. e4 c5 2. Nf3 Nc6 3. d4 cxd4 4. Nxd4 Nf6 5. Nc3 g6 6. Be3 d6 7. f3 Bg7 8. Qd2
O-O 9. Bc4 Bd7 10. O-O-O Nxd4 11. Bxd4 Bc6 12. h4 h5 13. g4 Qa5 14. Kb1 a6 15.
Nd5 Qxd2 16. Nxe7+ Kh7 17. Rxd2 Rad8 18. g5 Nd7 19. Bxg7 Kxg7 20. Nxc6 bxc6 21.
Rxd6 Ne5 22. Rxd8 Rxd8 23. Bxa6 Nxf3 24. Bd3 c5 25. b3 Rd4 26. Kb2 Nd2 27. a4
Nf3 28. a5 Ne5 29. a6 Nc6 30. Ra1 Na7 31. Ra5 f5 32. exf5 gxf5 33. Rxc5 Rd7 34.
Rxf5 1-0

[Event "Reykjavik Open 2026"]
[Site "Reykjavik ISL"]
[Date "2026.03.28"]
[Round "5.112"]
[White "Murphy, Dara"]
[Black "Lervik, Anders"]
[Result "1-0"]
[WhiteElo "1888"]
[BlackElo "1640"]
[WhiteFideId "2501783"]
[BlackFideId "1567870"]
[EventDate "2026.03.25"]

1. e4 c6 2. Nf3 d5 3. Nc3 dxe4 4. Nxe4 Bf5 5. Ng3 Bg6 6. h4 h6 7. h5 Bh7 8. Bc4
e6 9. d3 Qc7 10. Bd2 Nf6 11. Bc3 Be7 12. Qe2 Nbd7 13. Ne5 Nxe5 14. Bxe5 Qa5+ 15.
c3 O-O 16. O-O b5 17. b4 Qd8 18. Bb3 Bxd3 19. Qf3 Bxf1 20. Rxf1 Qb6 21. Bc2 Nd7
22. Qd3 f5 23. Qxd7 Qd8 24. Qxe6+ Rf7 25. Bb3 Qe8 26. Qg6 Qf8 27. Nxf5 1-0

[Event "Reykjavik Open 2026"]
[Site "Reykjavik ISL"]
[Date "2026.03.28"]
[Round "5.113"]
[White "Nishida, Eito"]
[Black "Van Meter, Lester"]
[Result "0-1"]
[BlackTitle "FM"]
[WhiteElo "1587"]
[BlackElo "1882"]
[WhiteFideId "7006357"]
[BlackFideId "2001691"]
[EventDate "2026.03.25"]

1. d4 c5 2. d5 Nf6 3. Nc3 g6 4. e4 d6 5. Bb5+ Bd7 6. a4 Bg7 7. Nf3 O-O 8. O-O
Bg4 9. h3 Bxf3 10. Qxf3 Nbd7 11. Rd1 Ne8 12. Qg3 a6 13. Be2 Nc7 14. a5 Rb8 15.
h4 b5 16. axb6 Rxb6 17. Na4 Rb4 18. Bd3 Nb6 19. Nxb6 Rxb6 20. Rb1 Qb8 21. Bg5
Re8 22. c3 Rxb2 23. Rxb2 Qxb2 24. Rb1 Qxc3 25. Rb7 Nb5 26. Bxe7 Be5 27. f4 Qc1+
28. Kf2 Bxf4 29. Qf3 Nd4 0-1

[Event "Reykjavik Open 2026"]
[Site "Reykjavik ISL"]
[Date "2026.03.28"]
[Round "5.120"]
[White "Westcott, Dale"]
[Black "Skarphedinsson, Ingvar Wu"]
[Result "0-1"]
[WhiteElo "1822"]
[BlackElo "2099"]
[WhiteFideId "1806017"]
[BlackFideId "2316943"]
[EventDate "2026.03.25"]

1. Nf3 f5 2. d3 Nf6 3. e4 fxe4 4. dxe4 Nxe4 5. Bd3 Nf6 6. Ng5 Nc6 7. Nxh7 Ne5 8.
Nc3 d6 9. Ng5 Bg4 10. f3 Bh5 11. Bf4 Nxd3+ 12. Qxd3 Qd7 13. O-O-O O-O-O 14. g4
Be8 15. Qc4 g6 16. Rhe1 Kb8 17. Ne6 Bf7 18. Qe2 Bxe6 19. Qxe6 Qc6 20. g5 Qxf3
21. Rf1 Qg4 22. Qf7 Nh5 23. Ne4 Bg7 24. Ng3 Nxf4 25. Rxf4 Bxb2+ 26. Kxb2 Qxd1
27. Qxg6 Rxh2 28. Qf5 Rg2 29. Nf1 e6 30. Qg6 Qd5 0-1